Pintura búdicas japonesas /
Guardado en:
| Autor Principal: | |
|---|---|
| Formato: | Libro |
| Publicado: |
Buenos Aires :
Hermes / Unesco,
1963
|
| Etiquetas: |
Agregar Etiqueta
Sin Etiquetas, Sea el primero en etiquetar este registro!
|
| LEADER | 00408nam a22001455a 4500 | ||
|---|---|---|---|
| 001 | CEM.cems005313 | ||
| 005 | 20060220000000.0 | ||
| 008 | 130507s1963##################000#0#####d | ||
| 003 | CEMS | ||
| 082 | 0 | 4 | |a 759.952 |
| 100 | 1 | |a Rawson, Philip S. | |
| 245 | 1 | 0 | |a Pintura búdicas japonesas / |
| 260 | |a Buenos Aires : |b Hermes / Unesco, |c 1963 | ||
| 300 | |a 33 p. | ||
| 859 | |a CEMS |b BIB. CEMS - 11 de abril |h 759.952 |i R328 |p 3855.75 |t Ej.1 | ||
